Statistics for US States by More Populous Borders

Click here to take the quiz!

General Stats

  • This quiz has been taken 54 times
  • The average score is 50 of 50

Answer Stats

State % Correct
Alabama
100%
Ohio
100%
Nebraska
100%
Nevada
100%
New Jersey
100%
New Mexico
100%
New York
100%
North Carolina
100%
Oklahoma
100%
Massachusetts
100%
Oregon
100%
Pennsylvania
100%
South Carolina
100%
Tennessee
100%
Texas
100%
Vermont
100%
West Virginia
100%
Michigan
100%
Wyoming
100%
Maryland
100%
Florida
100%
Maine
100%
Connecticut
100%
Indiana
100%
California
100%
Arkansas
100%
Kentucky
100%
Arizona
100%
Louisiana
100%
Georgia
100%
Utah
98%
Washington
98%
Virginia
98%
Colorado
98%
South Dakota
98%
Wisconsin
98%
Hawaii
98%
Delaware
98%
North Dakota
98%
Idaho
98%
New Hampshire
98%
Kansas
98%
Alaska
98%
Mississippi
98%
Rhode Island
96%
Illinois
96%
Iowa
96%
Missouri
96%
Minnesota
96%
Montana
96%

Score Distribution

Percentile by Number Answered

Percent of People with Each Score

Your Score History

You have not taken this quiz